| 000 | 00509nam a2200193 a 4500 | ||
|---|---|---|---|
| 001 | 1767515828866 | ||
| 003 | YourLibrary | ||
| 005 | 20260105104359.0 | ||
| 008 | 260104s1967##################000#0#eng## | ||
| 020 | _a9780486218663 | ||
| 082 | 0 | 4 |
_a299.31 _bBUD |
| 100 | 1 |
_aBudge, Sir Ernest Alfred Wallis, _eauthor. |
|
| 245 | 1 | 0 | _aThe Book of the Dead : |
| 260 |
_bCourier Corporation, _c1967. |
||
| 300 | _a548 pages | ||
| 650 | 0 | _aHistory. | |
| 942 | _cENGLISH | ||
| 040 |
_aYourLibrary _beng _cYourLibrary |
||
| 999 |
_c607185 _d607185 |
||